000 00705nam a2200289Ia 4500
005 20260324133233.0
008 008 260324s9999 xx 000 0 eng d
020 _a9781315045436
037 _aEBOOK
040 _aCRL
040 _beng
040 _cCRL
041 _2eng
041 _aeng
084 _qCRL
100 _aOlga A. Vasquez
_91192318
245 0 _aLa Clase Mágica
245 0 _bImagining Optimal Possibilities in a Bilingual Community of Learners
260 _bTaylor and Francis
260 _c2003
365 _a
365 _b230
856 _uhttp://www.taylorfrancis.com/books/9781315045436
942 _cEBOOK
999 _c1791190
_d1791190